000 00632nam a2200241Ia 4500
003 OSt
005 20220918215033.0
006 a|||||r|||| 00| 0
007 ta
008 220917b |||||||| |||| 00| 0 eng d
024 _a139,770
037 _cTextual
040 _aARTS
_cARTS
_beng
041 _2eng
_aeng
082 _aY:6.2, L3
100 _aMathur K S ed
_9133056
245 0 _aStudies in social change
260 _aLucknow
_bEthnographci and Folk Culture Society
_c1973
300 _axi,217p.
_ccm.
650 _aSOCIOLOGY
942 _hY:6.2, L3
_cTEXL
_2CC
999 _c262757
_d262757